000 00297nam a22001337a 4500
008 170530b xxu||||| |||| 00| 0 eng d
020 _a9780760719084
041 _aeng
080 _a94(7/8) BRA
100 _a17
101 _aSHH
245 _aARMIES OF PESTILENCE
_cBRAY,R.S
942 _2udc
_cBK
999 _c15054
_d15054